| 000 | 01138nam a2200229Ia 4500 | ||
|---|---|---|---|
| 001 | L248-15245 | ||
| 003 | IT-CnALBA | ||
| 008 | 170116s9999||||xx |||||||||||||| ||und|| | ||
| 040 |
_aIT-CnALBA _cIT-CnALBA |
||
| 041 | _aITALIANO | ||
| 100 | _aPASCUTTO LUIGI | ||
| 245 | 0 | _aFAMIGLIA E SOCIETÀ. RACCOLTA DI MEDITAZIONI. LETTERE E LEZIONI DI CATECHESI. | |
| 250 | _a1a ed. | ||
| 260 |
_aS.C. _bS.e. _c1992 [1° Ed.:1992 - Ed.Ling.Originale: 1992] |
||
| 300 | _a262 p. (prefazione: 7) | ||
| 500 | _aAMORE VICENDEVOLE. FAMIGLIA UNITA. ARMONIA CONIUGALE. VITA, DONO. MATERNITÀ. ANNIVERSARI DI MATRIMONIO. AUTOREVOLEZZA DEI GENITORI. ONORE E RISPETTO AI GENITORI. CONFRONTA DOCUMENTO 445. DATTILOSCRITTI: L091. | ||
| 501 | _aSocietà San Paolo EM - Piazza San Paolo, 14 - 12051 ALBA (CN) (non commercial uses only) ® Copyright 2017 | ||
| 520 | _aAMORE VICENDEVOLE. FAMIGLIA UNITA. ARMONIA CONIUGALE. VITA, DONO. MATERNITÀ. ANNIVERSARI DI MATRIMONIO. AUTOREVOLEZZA DEI GENITORI. ONORE E RISPETTO AI GENITORI. CONFRONTA DOCUMENTO 445. DATTILOSCRITTI: L091. | ||
| 650 | _aASCETICA E MISTICA | ||
| 942 | _cBK | ||
| 957 | _71 | ||
| 999 |
_a19995 _bNO _g Copie: 1 _c274414 _d274414 |
||